000 00538nam a2200217Ia 4500
003 OSt
005 20220928141036.0
006 a|||||r|||| 00| 0
007 ta
008 220927b |||||||| |||| 00| 0 eng d
024 _a13079
037 _cTextual
040 _aSDCL
_cSDCL
_beng
041 _2eng
_aeng
082 _aO-,6K20w, J2.1-2.
100 _aEvelyn John
_9498653
245 0 _aDiary of John Evelyn.
260 _c1952
942 _hO-,6K20w, J2.1-2.
_cTEXL
_2CC
999 _c815488
_d815488